A textbook of engineering mechanics / (Record no. 98691)

MARC details
000 -LEADER
fixed length control field 00650nam a22002177i 4500
003 - CONTROL NUMBER IDENTIFIER
control field URS
005 - DATE AND TIME OF LATEST TRANSACTION
control field 20260218110721.0
008 - FIXED-LENGTH DATA ELEMENTS--GENERAL INFORMATION
fixed length control field 190208t2012 ii ||||| |||| 00| 0 eng d
020 ## - INTERNATIONAL STANDARD BOOK NUMBER
International Standard Book Number 9788122433777
040 ## - CATALOGING SOURCE
Transcribing agency URS
Modifying agency URS
050 14 - LIBRARY OF CONGRESS CALL NUMBER
Classification number TA 350
Item number B4698 2012
100 1# - MAIN ENTRY--PERSONAL NAME
Personal name Bhavikati, S.S.
245 10 - TITLE STATEMENT
Title A textbook of engineering mechanics /
Statement of responsibility, etc. S. S. Bhavikatti
264 #1 - PRODUCTION, PUBLICATION, DISTRIBUTION, MANUFACTURE, AND COPYRIGHT NOTICE
Place of production, publication, distribution, manufacture New Delhi :
Name of producer, publisher, distributor, manufacturer New Age International Publishers,
Date of production, publication, distribution, manufacture, or copyright notice 2012.
300 ## - PHYSICAL DESCRIPTION
Extent xii, 397 pages :
Other physical details illustrations ;
Dimensions 24 cm
336 ## - CONTENT TYPE
Content type term text
Content type code txt
Source rdacontent
337 ## - MEDIA TYPE
Media type term unmediated
Media type code n
Source rdamedia
338 ## - CARRIER TYPE
Carrier type term volume
Carrier type code nc
Source rdacarrier
650 #0 - SUBJECT ADDED ENTRY--TOPICAL TERM
Topical term or geographic name entry element Mechanics, Applied
942 ## - ADDED ENTRY ELEMENTS (KOHA)
Koha item type Foreign Books
Source of classification or shelving scheme Library of Congress Classification
Holdings
Withdrawn status Source of classification or shelving scheme Damaged status Not for loan Home library Current library Shelving location Date acquired Total Checkouts Full call number Barcode Date last seen Date last checked out Price effective from Koha item type
  Library of Congress Classification     Tanay College Library Tanay College Library Foreign Section 12/23/2014 2 TA 350 B4698 2012 URSTAN-N1608 07/23/2018 07/06/2018 12/23/2014 Reserved Books

University of Rizal System
Email us at univlibservices@urs.edu.ph

Visit our Website www.urs.edu.ph/library